000 00880cam a22001814a 4500
005 20250605164403.0
008 250528s ||||||||||||||||||||||||d
035 _a24667
040 _aGR-AtMCL
_bgre
_dGR-AtMCL
_eAACR2
245 1 _aΕναλλακτικά Εργαλεία Χρηματοδότησης μέσω της Ασφάλισης Πιστώσεων
260 _c2020
300 _a72
520 _aΣτην Επιρροή των Influencers και η Ασφαλιστική Αγορά, Οι Insurtechs 'Τραβούν' τους Καταναλωτές στην Ιδιωτική Ασφάλιση, 'Θεραπεία' της Πανδημίας μέσω των ΣΔΙΤ, Ο Άνθρωπος 'Ασπίδα' κατά της Πανδημίας.
700 1 _aΜωράκης Φίλιππος
_99500
942 _cCR
999 _c9534
_d9534